<?xml version="1.0" encoding="UTF-8"?>
<collection xmlns:xsi="http://www.w3.org/2001/XMLSchema-instance" xsi:schemaLocation="http://www.loc.gov/MARC21/slim http://www.loc.gov/standards/marcxml/schema/MARC21slim.xsd" xmlns="http://www.loc.gov/MARC21/slim">
 <record>
  <leader>00000cam a22000004a 4500</leader>
  <controlfield tag="001">UP-8027390931316182194</controlfield>
  <controlfield tag="003">Buklod</controlfield>
  <controlfield tag="005">20260210144217.0</controlfield>
  <controlfield tag="006">a     r    |||| u|</controlfield>
  <controlfield tag="007">ta</controlfield>
  <controlfield tag="008">090508s        xx     d     r    |||| u|</controlfield>
  <datafield tag="022" ind1=" " ind2=" ">
   <subfield code="a">0148-9976</subfield>
  </datafield>
  <datafield tag="035" ind1=" " ind2=" ">
   <subfield code="a">(iLib)UPMIN-00002649235</subfield>
  </datafield>
  <datafield tag="040" ind1=" " ind2=" ">
   <subfield code="a">NSDP</subfield>
   <subfield code="c">NSDP</subfield>
   <subfield code="d">DLC</subfield>
   <subfield code="d">NST</subfield>
   <subfield code="d">DLC</subfield>
   <subfield code="d">OCoLC</subfield>
   <subfield code="d">GU</subfield>
   <subfield code="d">CSdS</subfield>
  </datafield>
  <datafield tag="042" ind1=" " ind2=" ">
   <subfield code="a">nsdp</subfield>
   <subfield code="a">lc</subfield>
  </datafield>
  <datafield tag="082" ind1="0" ind2=" ">
   <subfield code="a">343/.73/043</subfield>
  </datafield>
  <datafield tag="090" ind1=" " ind2="0">
   <subfield code="a">KF6750</subfield>
   <subfield code="b">A93</subfield>
  </datafield>
  <datafield tag="222" ind1=" " ind2="0">
   <subfield code="a">All states tax handbook</subfield>
  </datafield>
  <datafield tag="245" ind1="0" ind2="0">
   <subfield code="a">All States tax handbook.</subfield>
  </datafield>
  <datafield tag="264" ind1=" " ind2="1">
   <subfield code="a">Englewood Cliffs, N.J.</subfield>
   <subfield code="b">Prentice-Hall</subfield>
   <subfield code="c">inc.</subfield>
  </datafield>
  <datafield tag="300" ind1=" " ind2=" ">
   <subfield code="a">v.</subfield>
   <subfield code="c">24 cm.</subfield>
  </datafield>
  <datafield tag="310" ind1=" " ind2=" ">
   <subfield code="a">Annual</subfield>
   <subfield code="b">1997-&gt;</subfield>
  </datafield>
  <datafield tag="650" ind1=" " ind2="0">
   <subfield code="a">Taxation</subfield>
   <subfield code="x">Law and legislation</subfield>
   <subfield code="z">United States</subfield>
   <subfield code="x">States.</subfield>
  </datafield>
  <datafield tag="710" ind1="2" ind2=" ">
   <subfield code="a">Prentice-Hall, inc.</subfield>
  </datafield>
  <datafield tag="850" ind1=" " ind2=" ">
   <subfield code="a">AAP</subfield>
   <subfield code="a">AzU</subfield>
   <subfield code="a">CSf</subfield>
   <subfield code="a">CU</subfield>
   <subfield code="a">CaAEU</subfield>
   <subfield code="a">CaOWA</subfield>
   <subfield code="a">DLC</subfield>
   <subfield code="a">FU</subfield>
   <subfield code="a">IC</subfield>
   <subfield code="a">INS</subfield>
   <subfield code="a">IaAS</subfield>
   <subfield code="a">IaCfT</subfield>
   <subfield code="a">InLP</subfield>
   <subfield code="a">InU</subfield>
   <subfield code="a">MiEM</subfield>
   <subfield code="a">MiU</subfield>
   <subfield code="a">MtBC</subfield>
   <subfield code="a">NBC</subfield>
   <subfield code="a">NSyU</subfield>
   <subfield code="a">NcRS</subfield>
   <subfield code="a">NjR</subfield>
   <subfield code="a">PPT</subfield>
   <subfield code="a">PPiU</subfield>
   <subfield code="a">TxArU</subfield>
   <subfield code="a">TxDaM</subfield>
   <subfield code="a">TxLT</subfield>
   <subfield code="a">ViW</subfield>
  </datafield>
  <datafield tag="852" ind1="0" ind2=" ">
   <subfield code="a">UPMIN</subfield>
   <subfield code="b">UPMIN-MAIN</subfield>
   <subfield code="h">KF6750</subfield>
   <subfield code="i">.A93</subfield>
  </datafield>
  <datafield tag="942" ind1=" " ind2=" ">
   <subfield code="a">Book</subfield>
  </datafield>
 </record>
</collection>
